00832 2200289 4500001002100000005001700021008004100038035002400079082001100103090002000114100002500134245009300159250001100252260003800263300001800301440002400319500007700343650000800420700001400428700002000442850001500462980001400477985000600491999001500497999001500512999001500527YOGYA-0209000003381920090227024827.0 ind  0010-020900000033819 a297.61 a297.6bMut RlT aMUTHAHHARI, Murtadha aRuh materi dan kehidupancMurtadha Muthahhari ; penerjemah, Yuliani L dan Abdullah Hasan aCet. 1 aBandungbYayasan Muthahharic1993 a78 hlmc18 cm aSeri Muthahhari ; 5 aJudul asli : Fundamentals of Islamic thought : god, man and the Universe aRoh aYuliani L aHasan, Abdullah aYOPDYOG(B) a25-9-2006 a3 a97P0096025 a97P0096026 a97P0096027